| 000 | 00844nam a22002897a 4500 | ||
|---|---|---|---|
| 001 | 5179 | ||
| 003 | FISKH | ||
| 005 | 20241118095532.0 | ||
| 008 | 241118b cb ||||| |||| 00| 0 eng d | ||
| 020 | _a9780916119638 | ||
| 040 |
_aFISKH _beng _cFISKH _dFISKH |
||
| 082 | _a372.4 | ||
| 100 | _aWilliams, Lanczak Rozanne | ||
| 245 | _aCat and dog / | ||
| 250 | _aPublished in 1994 | ||
| 260 |
_aHuntington Beach : _bCreating teaching, _c1994. |
||
| 300 |
_a16 pages : _bColor illustrations ; _c16 cm |
||
| 505 | _aE | ||
| 520 | _aA beginning reader offers a colorful story of a dog and cat involved in painting activites | ||
| 521 | 8 |
_a180L
_bLexile |
|
| 521 | 8 |
_aE
_bRaz-Plus |
|
| 650 |
_2Painting _aDogs _vFiction |
||
| 650 |
_2Cats _aAnimals |
||
| 700 |
_aJenkins, Gloria _dIllustrator |
||
| 942 |
_2ddc _cBK _n0 |
||
| 999 |
_c5179 _d5179 |
||